| 000 | 00368 a2200157 4500 | ||
|---|---|---|---|
| 001 | 76098 | ||
| 020 | _a9788565765770 | ||
| 040 | _cAnchieta - Colégio São Paulo | ||
| 100 | _aBracken, Alexandra | ||
| 240 | 1 | 0 |
_aStar Wars: uma nova esperança _lpor |
| 245 | 1 | 0 | _aStar Wars: uma nova esperança |
| 300 | _a256 | ||
| 362 | 0 | _a2015 | |
| 650 | 4 | _aRomance | |
| 942 | _cBK | ||
| 999 |
_c76098 _d76098 |
||